| 000 | 01327cam a2200385 a 4500 | ||
|---|---|---|---|
| 999 |
_c506 _d506 |
||
| 001 | 63846529 | ||
| 003 | ALUPE UNIVERSITY | ||
| 005 | 20210614141304.0 | ||
| 008 | 020530s2003 oncac b 001 0 eng d | ||
| 020 | _a0321154134 (pbk.) : | ||
| 035 | _a(Sirsi) 9633388 | ||
| 035 | _a9633388 | ||
| 040 |
_aCaOONL _beng _cALUPE UNIVERSITY _dALUPE UNIVERSITY |
||
| 043 | _an-cn--- | ||
| 055 | 0 | 1 | _aHB172 |
| 055 | 3 |
_aHB172 _bP37 2003 |
|
| 055 | 0 | 0 |
_aHB172 _b.P37 2003 |
| 082 | 0 |
_aHB172 _221 _b.P37 2003 |
|
| 090 | _a338.5 PAR | ||
| 100 | 1 |
_aParkin, Michael, _d1939- |
|
| 245 | 1 | 0 |
_aMicroeconomics : _bCanada in the global environment / _cMichael Parkin, Robin Bade. |
| 250 | _aFifth edition | ||
| 260 |
_aToronto : _bPearson, _cc2003. |
||
| 300 |
_axxxiv, 850, G-7, I-11 pages : _bcolor illustrations, portraits (some color) ; _c26 cm. |
||
| 336 |
_atext _btxt _2rdacontent |
||
| 337 |
_aunmediated _bn _2rdamedia |
||
| 338 |
_avolume _bnc _2rdacarrier |
||
| 504 | _aIncludes bibliographical references and index. | ||
| 650 | 0 | _aMicroeconomics. | |
| 651 | 0 |
_aCanada _xEconomic conditions _y1991- |
|
| 700 | 1 | _aBade, Robin. | |
| 906 |
_aACD:1:0 _aAG:4:1 _aCED:0:1 _aDO:0:1 _aFP:0:1 _aGHP:0:1 _aHB:0:1 _aOV:1:0 _aPR:1:0 _aPU:1:0 _aRS:11:1 _aSP:1:0 _aTRL:0:2 _aWP:4:0 _aYO:2:0 |
||
| 942 |
_2lcc _cBK _nDO |
||
| 948 |
_a11/08/2005 _b02/11/2006 |
||